00985nab a22002057a 4500003000400000005001700004008004100021040000700062100002100069245011500090260007200205300001500277500003900292505008900331505017500420650002000595650001200615650001900627773013300646OSt20260114010500.0190605e xxu||||| |||| 00| 0 spa d cPJ aGabet, Alejandro13aLa necesidad de incorporar elementos indiciarios de los actos discriminatorios denunciados /cAlejandro Gabet. aCiudad Autónoma de Buenos Aires :bThomson Reuters La Ley,c2024. ap. 155-157 aCita: TR LALEY AR/DOC/3046/2023.  t¿Te interesa el texto completo? Solicitalo al correo: koha@justierradelfuego.gov.ar aFallo comentado: CNTrab., sala X ~ 23/10/2023 ~ Lione Diaz, José Domingo c. Compañía De Transporte Vecinal S.A. Sargento Cabral S.A.T. U.T. s/ juicio sumarísimo. 0aDERECHO LABORAL 0aDESPIDO 0aDISCRIMINACION0 02711dCiudad Autónoma de Buenos Aires : Thomson Reuters La Ley, 1999-2002.tRevista de derecho del trabajo. Nº 1 - Enero 2024